000 00562nam a22002057a 4500
003 OSt
005 20140310183100.0
008 130301t xxu||||| |||| 00| 0 eng d
020 _a9715740375
050 _aLB 2395.3
_b.V715 2001
082 _aFIL 428.4
_bG22 2001
245 _aGateways & skyways to developmental reading
_cVillamin,Araceli M... [et al.].
260 _aQuezon City :
_bKatha Pub,
_c2001
300 _a 202 p.
_c25 cm
521 _acollege students
526 _c1210L-1700L
541 _j1
562 _e1
942 _2lcc
_cBK
_kFIL
999 _c18721
_d18721